00511nam a22001697a 450000500170000000800410001704000070005804100120006508200210007710000250009824500520012326000540017530000260022936500550025544000140031065000170032420241216145723.0241216b ||||| |||| 00| 0 eng d cAL aEnglish 223a348.04bCHAA aJagjith Singh Chawla aAll India Criminal Law Reporter: Vol 97 2013(1) aChandigarhbAll India Criminal Law Reporterc2013 a896 p.bHBc24x16 cm. a1061b₹1723.00c₹d₹2360.29e27%f28-11-2024 aVolume 97 aCriminal law